| 000 | 00989nam a22002177a 4500 | ||
|---|---|---|---|
| 005 | 20241129130319.0 | ||
| 010 | _aB-761347 | ||
| 020 |
_c795.00 _a9789395960182 |
||
| 035 | _aB-761347 | ||
| 037 | _bउपहार | ||
| 082 | _aक | ||
| 245 |
_aहिन्दी की श्रेष्ठ बाल कहानियाँ / _cउषा यादव एवं राजकिशोर सिंह द्वारा संपादित |
||
| 260 |
_aदिल्ली _bआत्माराम एण्ड संस _c2023 |
||
| 270 |
_a1376, कश्मीरी गेट _bदिल्ली _e110006 |
||
| 300 |
_a264पृ.: _c22सेमी(सजिल्द) _bसचित्र |
||
| 500 | _aAIRPORT | ||
| 700 |
_aयादव, उषा _974376 |
||
| 700 |
_aराजकिशोर सिंह _974377 |
||
| 942 |
_2ddc _cCH _mहिन्दीकी _hक |
||
| 999 |
_c207226 _d207226 |
||